Vista normal Vista MARC

Entrada Nombre corporativo

Número de registros utilizados en: 1

001 - NÚMERO DE CONTROL

  • campo de control: 40106

003 - IDENTIFICADOR DE NÚMERO DE CONTROL

  • campo de control: OSt

005 - FECHA Y HORA DE LA ÚLTIMA TRANSACCIÓN

  • campo de control: 20250520185226.0

008 - ELEMENTOS DE DATO DE LONGITUD-FIJA

  • campo de control de longitud fija: 250520|| aca||aabn | a|a d

040 ## - FUENTE DE CATALOGACIÓN

  • Centro catalogador/agencia de origen: OSt
  • Centro/agencia transcriptor: OSt

110 ## - ENCABEZAMIENTO-NOMBRE DE ENTIDAD CORPORATIVA

  • Nombre de entidad corporativa o nombre de jurisdicción como elemento de entrada: ESPAÑA
  • Unidad subordinada: Personal laboral de la Administración General del Estado
  • Unidad subordinada: Convenio Único
  • Fecha del congreso o de la firma del tratado: 2000

670 ## - FUENTE DE DATOS ENCONTRADOS

  • Cita de la fuente: Work cat.: (OSt)13946: ROEL, Melchor 13828, Manual del Convenio Único para el personal laboral de la Administración General del Estado, AGE /, D.L. 2000

Con tecnología Koha